000
00210nam a2200097Ia 4500
008
190216s9999||||xx |||||||||||||| ||und||
100
_a
Null
245
0
_a
Hindi-Ghul Akash Ka Nime
260
_b
Null
942
_c
BK
999
_c
17418
_d
17418